UBT Library

Understanding business / (Record no. 44261)

000 -LEADER
fixed length control field 00755pam a2200241 a 4500
001 - CONTROL NUMBER
control field 4925245
005 - DATE AND TIME OF LATEST TRANSACTION
control field 20180307034753.0
008 - FIXED-LENGTH DATA ELEMENTS--GENERAL INFORMATION
fixed length control field 950517s1996 iluab b 001 0 eng
010 ## - LIBRARY OF CONGRESS CONTROL NUMBER
LC control number 95022442
020 ## - INTERNATIONAL STANDARD BOOK NUMBER
International Standard Book Number 0256140545
020 ## - INTERNATIONAL STANDARD BOOK NUMBER
International Standard Book Number 0256190747 (annotated instructor's ed.)
040 ## - CATALOGING SOURCE
Original cataloging agency DLC
Transcribing agency DLC
Modifying agency DLC
041 ## - LANGUAGE CODE
Language code of text/sound track or separate title eng
080 ## - UNIVERSAL DECIMAL CLASSIFICATION NUMBER
Universal Decimal Classification number 650 wil
082 00 - DEWEY DECIMAL CLASSIFICATION NUMBER
Classification number 650 wil
Edition number 20
100 1# - Rafti
Rafti 60
101 ## - Shkurtesa
Shkurtesa bus
245 10 - TITLE STATEMENT
Title Understanding business /
Statement of responsibility, etc William G. Nickels, James M. McHugh, Susan M. McHugh.
504 ## - BIBLIOGRAPHY, ETC. NOTE
Bibliography, etc Includes bibliographical references and indexes.
906 ## - LOCAL DATA ELEMENT F, LDF (RLIN)
a 7
b cbc
c orignew
d 1
e ocip
f 19
g y-gencatlg
942 ## - ADDED ENTRY ELEMENTS (KOHA)
Source of classification or shelving scheme
Item type Books
Holdings
Withdrawn status Lost status Source of classification or shelving scheme Damaged status Not for loan Collection code Permanent location Current location Shelving location Date acquired Total Checkouts Full call number Barcode Date last seen Price effective from Koha item type
          Koleksioni i përgjithshem UBT - Lipjan UBT - Lipjan Koleksioni i përgjithshem 03/07/2018   650 wil 002-3001055 03/07/2018 03/07/2018 Books
UBT Library © 2015-2024. All rights reserved University Education for Business and Technology